|
|
|
|
| LEADER |
00976nam a22002417a 4500 |
| 001 |
38171 |
| 003 |
BD-DhAAL |
| 005 |
20220323152037.0 |
| 008 |
220323t2017 bg ||||| |||| 00| p ben d |
| 999 |
|
|
|c 43863
|d 43863
|
| 020 |
|
|
|a 9789849292982
|
| 040 |
|
|
|a BD-DhAAL
|
| 041 |
|
|
|a BEN
|
| 082 |
|
|
|a 891.441
|
| 100 |
|
|
|a আলম, খোন্দকার শাহ
|9 47323
|
| 245 |
|
|
|a এসো ফানুস উড়াই /
|c খোন্দকার শাহ আলম
|
| 260 |
|
|
|a ঢাকা :
|b বিশ্বসাহিত্য ভবন,
|c ২০১৭
|
| 300 |
|
|
|a ১০৪ পৃষ্ঠা ;
|c ২২ সে.মি.
|
| 541 |
|
|
|a Donated By Akbar Ali Khan
|e 38171
|
| 650 |
|
|
|a Bengali poetry.
|9 47324
|
| 852 |
|
|
|a Ayesha Abed Library
|c Akbar Ali Khan Collection
|
| 942 |
|
|
|2 ddc
|c BK
|
| 952 |
|
|
|0 0
|1 0
|2 ddc
|4 0
|6 891_441000000000000_ALA
|7 1
|9 70250
|a BRACUL
|b BRACUL
|c AAKC
|d 2022-03-23
|e Donated by Akbar Ali Khan
|l 0
|o 891.441 ALA
|p 3010038171
|r 2022-03-23
|t 1
|w 2022-03-23
|y BK
|